000 00555nam a22001697a 4500
008 160604b xxu||||| |||| 00| 0 eng d
020 _a9715870201
082 _22003
_aDFil 657.42
_bV66
100 _910127
_aVicente, Ma. Violeta V.
245 _aCost accounting and cost management/
_cMa. Violeta V. Vicente
260 _aMandaluyong City:
_bMutual Books, Inc.,
_cc2003.
300 _a534 pages:
_billustrations;
_c23 cm.
500 _aInclude references
650 0 _910129
_aCost accounting
650 0 _910131
_aManagerial accounting
942 _2ddc
_cDFIL
999 _c3033
_d3033